LEADER 03700nam 2200661 a 450 001 9911020209803321 005 20251116153641.0 010 $a9786612122781 010 $a9781282122789 010 $a1282122789 010 $a9780470694961 010 $a0470694963 010 $a9780470694855 010 $a0470694858 035 $a(CKB)1000000000687509 035 $a(EBL)470282 035 $a(SSID)ssj0000358071 035 $a(PQKBManifestationID)11260043 035 $a(PQKBTitleCode)TC0000358071 035 $a(PQKBWorkID)10359245 035 $a(PQKB)10622767 035 $a(MiAaPQ)EBC470282 035 $a(OCoLC)232611590 035 $a(Perlego)2754853 035 $a(EXLCZ)991000000000687509 100 $a20090729d2000 uy 0 101 0 $aeng 135 $aur|n|---||||| 181 $ctxt 182 $cc 183 $acr 200 00$aCommercial fishing $ethe wider ecological impacts /$fedited by Geoff Moore & Simon Jennings 210 $aLondon $cPublished for the British Ecological Society by Blackwell$d2000 215 $a1 online resource (74 p.) 225 1 $aEcological issues series 300 $aDescription based upon print version of record. 311 08$a9780632056088 311 08$a0632056088 320 $aIncludes bibliographical references (p. 57-59). 327 $aCommercial fishing: the wider ecological impacts; Contents; Key Points; 1 Commercial fishing: the wider ecological impacts; 1.1 Introduction; 2 Fishing gears and their operation; 2.1 Gear selectivity; 2.2 Pelagic drifting gears; 2.3 Bottom set gears; 2.4 Pelagic mobile gears; 2.5 Bottom mobile gears; 2.6 SCUBA diving, explosives, poisons; 3 Effects of litter from fishing gear; 3.1 'Ghost' fishing; 3.2 Ingestion offragments offishinggear by marine mammals, turtles and seabirds; 4 Vulnerability of different marine habitats; 4.1 Mud; 4.2 Sand; 4.3 Gravel and mixed grounds; 4.4 Maerl 327 $a4.5 Coral, coralligene and rocky reef habitats4.6 Seagrass meadows; 4.7 Kelp forests; 4.8 Sea mounts; 4.9 Relative vunerability; 5 Effects on non-target organisms; 5.1 Sea birds; 5.2 Sea mammals; 5.3 Sea turtles; 5.4 Sea snakes; 5.5 Benthic scavengers; 6 Community and ecosystem responses; 6.1 Community diversity; 6.2 Habitat structure; 6.3 Benthopelagic coupling; 6.4 Species interactions; 6.5 Assessing fisheries effects; 7 Conservation aspects and the way forward; 7.1 Marine reserves; 7.2 Practical conservation measures; 8 Further reading; 9 Glossary; 10 Acronyms; 11 Addresses of contributors 330 $aFishing provides food, income and employment for millions of people. However, fishing has environmental costs that threaten rare species, marine ecosystems and the sustainability of the resource. Based on the research expertise of leading scientists, Commercial Fishing: the Wider Ecological Impacts provides a lively, timely and accessible account of fishing activities and their impacts on marine habitats, biodiversity and species of conservation concern. It covers fishing methods that range from trawling in the Antarctic to fishing with dynamite in the tropics. The authors s 410 0$aEcological issues series. 606 $aFisheries$xEnvironmental aspects 606 $aMarine ecology 615 0$aFisheries$xEnvironmental aspects. 615 0$aMarine ecology. 676 $a639.22 701 $aMoore$b P. G$g(P. Geoffrey)$0146914 701 $aJennings$b Simon$c(Marine scientist)$01892444 712 02$aBritish Ecological Society. 801 0$bMiAaPQ 801 1$bMiAaPQ 801 2$bMiAaPQ 906 $aBOOK 912 $a9911020209803321 996 $aCommercial fishing$94538493 997 $aUNINA